[Event "Titled Tue 17th Jan Early"]
[Site "chess.com INT"]
[Date "2023.01.17"]
[Round "5"]
[White "Artemiev, V."]
[Black "Dardha, Daniel"]
[Result "1-0"]
[WhiteElo "2701"]
[BlackElo "2613"]
[PlyCount "69"]
[EventDate "2023.01.17"]

1. Nf3 d5 2. g3 g6 3. Bg2 Bg7 4. O-O Nf6 5. c4 c6 6. Qc2 O-O 7. b3 a5 8. Bb2 ({RR} 8. Nc3 d4 9. Nb1 e5 10. d3 e4 11. dxe4 Nxe4 12. Qxe4 Re8 13. Qd3 Bf5 14. Qd2 d3 15. Nc3 dxe2 16. Re1 Na6 17. Nh4 Nb4 18. Nxf5 Qxd2 19. Bxd2 gxf5 20. Rab1 Rad8 21. Be3 Bxc3 22. Rxe2 Nd3 {Korneev,S (2181)-Luque Saiz,A (2343) Benidorm ESP 2024 ½-½}) 8... Na6 ({RR} 8... a4 9. d3 axb3 10. axb3 Rxa1 11. Bxa1 Na6 12. Bc3 Re8 13. Qb2 Bg4 14. Nbd2 Bxf3 15. Nxf3 e6 16. Ra1 Nh5 17. Ne5 Nc5 18. b4 Nd7 19. Nxd7 Qxd7 20. Bf3 Bxc3 21. Qxc3 Ng7 22. b5 Nf5 23. Ra7 {Dubov,D (2716)-Iturrizaga Bonelli,E (2617) chess.com INT 2023 1-0 (58)}) 9. d3 Bg4 10. Nbd2 Bxf3 $146 ({RR} 10... Rc8 11. a3 b5 12. h3 Bxf3 13. Nxf3 Nc5 14. b4 Na6 15. Bc3 a4 16. e4 bxc4 17. dxc4 Nxe4 18. Bxg7 Kxg7 19. Qxa4 Qb6 20. c5 Qb7 21. Ne5 f6 22. Nd3 e5 23. Qc2 Ng5 24. f4 exf4 25. Nxf4 {Novikov,S (2498)-Bagirov,R (2494) Moscow 2003 0-1 (50)}) 11. Nxf3 e6 12. Rfd1 Nd7 13. d4 b5 14. e3 Qe7 15. Rac1 Rfb8 16. cxd5 cxd5 17. Bf1 Nb4 18. Qb1 Qd6 19. Rd2 a4 20. Ba3 Bf8 21. Rb2 Qb6 22. bxa4 bxa4 23. h4 Qa5 24. h5 Na6 25. Bxf8 Nxf8 26. Ne5 a3 27. Rb3 Rxb3 28. Qxb3 Qb4 29. Qc2 Qb7 30. Bxa6 Qxa6 31. Qc7 Qa7 32. h6 f6 33. Ng4 Qxc7 34. Rxc7 Re8 35. Nxf6+ 1-0

[Event "Titled Tue 17th Jan Early"]
[Site "chess.com INT"]
[Date "2023.01.17"]
[Round "5"]
[White "Sanal, V."]
[Black "Kobalia, M."]
[Result "1-0"]
[WhiteElo "2590"]
[BlackElo "2577"]
[PlyCount "99"]
[EventDate "2023.01.17"]

1. Nf3 d5 2. g3 Bg4 3. Bg2 c6 4. O-O e6 5. h3 Bh5 6. c4 Nf6 7. d4 Be7 ({RR} 7... Nbd7 8. cxd5 exd5 9. Qb3 Qb6 10. Qe3+ Be7 11. Nh4 Bg6 12. Nc3 Kf8 13. Nxg6+ hxg6 14. Qd3 Re8 15. Rb1 Kg8 16. b4 a6 17. Re1 Nf8 18. e4 dxe4 19. Nxe4 Nxe4 20. Rxe4 Qd8 21. Qe2 Rh5 22. Bf3 {Vachier Lagrave,M (2758)-Kramnik,V (2777) Berlin 2015 ½-½ (63)}) ({RR} 7... Nbd7 8. cxd5 exd5 9. Ne5 Ne4 10. Bxe4 dxe4 11. Nc3 Nxe5 12. dxe5 Qxd1 13. Rxd1 Be7 14. Be3 b6 15. Rd4 f5 16. exf6 Bxf6 17. Rxe4+ Kf7 18. Rf4 Bg6 19. Bd4 Rhd8 20. Rd1 c5 21. Bxf6 Rxd1+ 22. Nxd1 {Samadov,R (2501)-Dai,C (2527) chess.com INT 2025 1-0 (34)}) 8. cxd5 exd5 9. Ne5 $146 ({RR} 9. Nc3 O-O 10. Ne5 Nfd7 11. g4 Nxe5 12. dxe5 Bg6 13. f4 f5 14. Be3 Kh8 15. Qb3 Qc8 16. Rad1 Na6 17. g5 Nc5 18. Bxc5 Bxc5+ 19. Kh1 Bf7 20. Qc2 Be7 21. e3 Qd7 22. Bf3 Rad8 23. Ne2 c5 {Goryachkina,A (2545)-Zhigalko,S (2572) chess.com INT 2024 0-1 (54)}) 9... Nfd7 10. f4 Nxe5 11. dxe5 f6 12. exf6 Bxf6 13. g4 Bf7 14. e4 dxe4 15. Qxd8+ Bxd8 16. Nc3 Bb6+ 17. Kh2 e3 18. Bxe3 Bxe3 19. Rae1 O-O 20. Rxe3 Na6 21. Re7 Rab8 22. Rd1 Rfe8 23. Rxe8+ Rxe8 24. Rd7 Nc5 25. Rc7 Rb8 26. a3 Na6 27. Re7 Kf8 28. Re5 Rd8 29. Ne4 h6 30. f5 Rd5 31. Rxd5 Bxd5 32. Nd6 b6 33. Nc8 Nc5 34. Nxa7 Nd3 35. b4 Bxg2 36. Kxg2 c5 37. bxc5 Nxc5 38. Nc8 Na4 39. Kf3 b5 40. Ke3 Nc3 41. Nd6 Ke7 42. Kd3 Nd5 43. Nxb5 Nf4+ 44. Ke3 Nxh3 45. a4 Kd7 46. a5 Ng5 47. Nd4 Nf7 48. Ne6 Ne5 49. Kf4 Nd3+ 50. Kg3 1-0

[Event "Titled Tue 17th Jan Early"]
[Site "chess.com INT"]
[Date "2023.01.17"]
[Round "6"]
[White "Svane, R."]
[Black "Indjic, A."]
[Result "1-0"]
[WhiteElo "2620"]
[BlackElo "2641"]
[PlyCount "93"]
[EventDate "2023.01.17"]

1. Nf3 c5 2. c4 g6 3. d4 Bg7 4. d5 d6 5. e4 Nf6 6. Bd3 O-O 7. Nc3 e6 8. h3 exd5 9. exd5 Re8+ 10. Be3 Rxe3+ 11. fxe3 Nbd7 12. O-O Qe7 13. Qc2 ({RR} 13. Qd2 Nh5 14. Qf2 Ne5 15. Be2 Nxf3+ 16. Bxf3 Nf6 17. Rae1 Nd7 18. Bg4 Bxc3 19. bxc3 Ne5 20. Bxc8 Rxc8 21. Qf6 Qxf6 22. Rxf6 Kf8 23. a4 Ke7 24. Rf4 h5 25. Rb1 Rc7 26. Kf1 Nd3 27. Re4+ Ne5 {Carlsen,M (2853)-Rapport,R (2745) Warsaw POL 2023 1-0 (62)}) ({RR} 13. Qe1 Ne8 14. Rd1 Ne5 15. Nxe5 Bxe5 16. Rd2 Bd7 17. Rdf2 f5 18. e4 Bd4 19. exf5 Qxe1 20. Rxe1 gxf5 21. Ne2 Bxf2+ 22. Kxf2 Ng7 23. Nf4 Kf7 24. Re3 Re8 25. Rg3 Kf6 26. Bc2 b5 27. Ra3 Ra8 {Salem,A (2677)-Indjic,A (2641) chess.com INT 2023 0-1 (79)}) 13... Nh5 $146 ({RR} 13... Ne5 14. Nxe5 Qxe5 15. Rae1 Bd7 16. Qf2 Rf8 17. Qf4 Qe7 18. Be2 h5 19. Bf3 Nh7 20. Qe4 Be5 21. Qc2 Qh4 22. Ne2 Ng5 23. Nf4 Qg3 24. Kh1 Nxf3 25. gxf3 Bxf4 26. exf4 Bxh3 27. Rf2 Qxf4 28. Qd2 {Mestnikov,A (2077)-Lizak,P (2398) chess.com INT 2024 0-1 (49)}) ({RR} 13... b6 14. Rae1 Bb7 15. Nd1 Re8 16. Nf2 Nh5 17. Nh1 Ne5 18. Nxe5 Bxe5 19. Rf3 Rf8 20. g4 Nf6 21. Ref1 Nd7 22. Be2 Bg7 23. Nf2 Ne5 24. Rg3 Bf6 25. Nd3 Bh4 26. Rg2 Nd7 27. Rf3 Qe4 28. Ne1 {Kjartansson,G (2451)-Torres Rebolledo,A (2309) chess.com INT 2025 ½-½ (31)}) 14. Rf2 Ne5 15. Nxe5 Bxe5 16. Raf1 f5 17. Rf3 Ng3 18. R1f2 Qg5 19. Ne2 Nxe2+ 20. Qxe2 Bd7 21. Kh1 Bg3 22. Rf1 Re8 23. Qd2 h5 24. a3 b6 25. b4 Re7 26. Qc1 Qh4 27. Kg1 Be5 28. Kh1 Kg7 29. Qd2 Rf7 30. Qf2 Qd8 31. Qd2 a5 32. bxa5 bxa5 33. Qf2 Qe7 34. g3 a4 35. e4 h4 36. exf5 hxg3 37. Rxg3 Bxg3 38. Qxg3 Rf6 39. Rg1 Qf8 40. Be4 Qf7 41. fxg6 Qe8 42. Qh4 Rf8 43. Qh7+ Kf6 44. g7 Rg8 45. Qh4+ Ke5 46. Bg6 Qd8 47. Re1# 1-0

[Event "Titled Tue 17th Jan Late"]
[Site "chess.com INT"]
[Date "2023.01.17"]
[Round "10"]
[White "Artemiev, V."]
[Black "Sanal, V."]
[Result "1-0"]
[WhiteElo "2701"]
[BlackElo "2590"]
[PlyCount "65"]
[EventDate "2023.01.17"]

1. Nf3 c5 2. c4 d6 3. d4 cxd4 4. Nxd4 g6 5. Nc3 Bg7 6. e4 Nc6 7. Be3 Nf6 8. Be2 O-O 9. O-O a5 10. Ndb5 h5 ({RR} 10... Nd7 11. Qd2 Nc5 12. Rad1 a4 13. f4 Qa5 14. e5 Rd8 15. Nd5 Qxd2 16. Rxd2 Ne4 17. Rdd1 dxe5 18. Nxe7+ Kf8 19. Rxd8+ Nxd8 20. Nc7 Rb8 21. Ba7 Kxe7 22. Nd5+ Ke8 23. Bxb8 exf4 24. Bxf4 Bxb2 25. Re1 {Ganguly,S (2638)-Taher,Y (2460) Changsha 2019 1-0 (70)}) ({RR} 10... Nd7 11. Na4 b6 12. f4 Bb7 13. Bf3 Rc8 14. Qd2 Nb4 15. Qe2 f5 16. exf5 Bxf3 17. Rxf3 Rxf5 18. Kh1 Rf7 19. a3 Na6 20. Rd1 Nac5 21. Nxc5 bxc5 22. a4 Nb8 23. Bf2 Qd7 24. Qd2 Qe6 25. b3 {Arutla,A (2183)-Dominguez Aguilar,G (2275) Sunnyvale USA 2024 0-1 (43)}) 11. h3 Be6 12. f4 Bd7 $146 ({RR} 12... a4 13. f5 Bd7 14. fxg6 fxg6 15. Nxa4 Ne5 16. Nac3 Qc8 17. Rc1 Qc6 18. Nd5 Rf7 19. c5 {1-0 (19) Laurusas,T (2484)-Al Masshani,A (2038) Batumi 2018}) 13. Bf3 Rb8 14. Qe2 Nb4 15. Rad1 Na6 16. Qf2 Bc6 17. e5 Ne8 18. exd6 exd6 19. f5 Qf6 20. fxg6 fxg6 21. Qd2 Bxf3 22. Rxf3 Qe6 23. Rxf8+ Bxf8 24. Nd5 Bg7 25. Re1 Qf7 26. Bd4 Be5 27. Bxe5 dxe5 28. Rxe5 Rd8 29. Qg5 Ra8 30. Nd4 Ng7 31. Re7 Qf8 32. Nf6+ Kh8 33. Qh6# 1-0

[Event "Titled Tue 17th Jan Late"]
[Site "chess.com INT"]
[Date "2023.01.17"]
[Round "11"]
[White "Sanal, V."]
[Black "Hansen, Eric"]
[Result "1-0"]
[WhiteElo "2590"]
[BlackElo "2609"]
[PlyCount "91"]
[EventDate "2023.01.17"]

1. Nf3 d5 2. g3 c6 3. Bg2 Bg4 4. O-O Nd7 5. h3 Bh5 6. d4 e6 7. c4 Bd6 8. Nc3 Ngf6 9. cxd5 exd5 10. Nh4 O-O 11. Qb3 $146 ({RR} 11. f4 Ne8 12. Qd3 Bc7 13. e4 dxe4 14. Nxe4 Nd6 15. Ng5 Bg6 16. f5 h6 17. Ngf3 Bh7 18. Bf4 Nf6 19. Rae1 Nd5 20. Be5 f6 21. Bxd6 Qxd6 22. g4 Qg3 23. Qb3 Kh8 24. Qc2 Nf4 25. Re7 Nxh3+ {Kashlinskaya,A (2494)-Begunov,K (2325) Chess.com INT 2021 1-0 (49)}) 11... Qb6 12. Qxb6 axb6 13. f4 b5 14. g4 b4 15. Nd1 Nxg4 16. hxg4 Bxg4 17. Bf3 f5 18. Ne3 h5 19. Ng6 Rf6 20. Ne5 Nf8 21. Bxg4 hxg4 22. Bd2 Ne6 23. Nc2 Rh6 24. Kg2 Ra4 25. b3 Ra6 26. Bxb4 Bxe5 27. dxe5 c5 28. Bd2 d4 29. Rh1 Rxh1 30. Kxh1 Kf7 31. e3 d3 32. Ne1 Ra8 33. Kg2 g5 34. a4 Rh8 35. Rd1 gxf4 36. exf4 Rh3 37. Bc1 Nd4 38. Rxd3 Rxd3 39. Nxd3 Nxb3 40. Ba3 b6 41. Nb2 Na5 42. Kg3 Ke6 43. Nd1 Nc4 44. Bc1 Kd5 45. Ne3+ Nxe3 46. Bxe3 1-0

[Event "Crocus City Stars Rapid"]
[Site "Krasnogorsk RUS"]
[Date "2023.01.25"]
[Round "5.3"]
[White "Artemiev, V."]
[Black "Goryachkina, A."]
[Result "1-0"]
[WhiteElo "2701"]
[BlackElo "2576"]
[PlyCount "143"]
[EventDate "2023.01.24"]
[EventType "rapid"]

1. Nf3 d5 2. g3 g6 3. c4 c6 4. Qa4 d4 5. d3 Bg7 6. Bg2 Nf6 7. b4 O-O 8. Bb2 Ne8 $146 ({RR} 8... e5 9. Nxe5 Re8 10. Nf3 Qe7 11. Nxd4 Ng4 12. O-O Ne3 13. fxe3 Qxe3+ 14. Kh1 Bxd4 15. Nc3 Nd7 16. Qc2 Nf6 17. Nd1 Qe5 18. Bxd4 Qxd4 19. Qc3 Qxc3 20. Nxc3 Ng4 21. Rf4 g5 22. Rd4 f5 23. Rb1 {Gordievsky,D (2605)-Bellaiche,A (2493) St Petersburg 2017 1-0 (75)}) 9. Nbd2 Nc7 10. O-O b6 11. Qc2 Bb7 12. Nb3 e5 13. e3 Ne6 14. exd4 exd4 15. Rfe1 c5 16. bxc5 bxc5 17. Nfxd4 Nxd4 18. Bxd4 Bxg2 19. Bxg7 Kxg7 20. Kxg2 Nd7 21. Qc3+ Qf6 22. Qxf6+ Kxf6 23. Rab1 Rab8 24. Nd2 Rb6 25. Ne4+ Kg7 26. Rxb6 axb6 27. Nd6 Rd8 28. Re7 Kf6 29. Re2 Kg7 30. Nb7 Rb8 31. Nd6 Rd8 32. Rb2 Kf6 33. f4 Ke7 34. Ne4 f5 35. Ng5 Nf8 36. Rxb6 Rxd3 37. Rc6 Rd2+ 38. Kh3 Rxa2 39. Rxc5 h6 40. Nf3 Ne6 41. Rb5 Rc2 42. Rb7+ Kd8 43. Rb6 g5 44. fxg5 hxg5 45. Rd6+ Kc7 46. Rxe6 g4+ 47. Kh4 gxf3 48. Re3 Rxc4+ 49. Kg5 Rc2 50. Rxf3 Rxh2 51. Kxf5 Kd7 52. g4 Rh8 53. Re3 Rf8+ 54. Kg6 Rg8+ 55. Kh5 Rh8+ 56. Kg5 Rg8+ 57. Kf4 Rf8+ 58. Kg3 Rg8 59. Re4 Kd6 60. Kf4 Rf8+ 61. Kg5 Kd5 62. Ra4 Ke6 63. Kg6 Rf6+ 64. Kg7 Rf7+ 65. Kh6 Rf6+ 66. Kg5 Rf1 67. Ra7 Rg1 68. Rg7 Rg2 69. Kh6 Rg1 70. g5 Kf5 71. Rf7+ Ke6 72. g6 1-0

[Event "Crocus City Stars Blitz"]
[Site "Krasnogorsk RUS"]
[Date "2023.01.28"]
[Round "6.2"]
[White "Radjabov, T."]
[Black "Sjugirov, S."]
[Result "1-0"]
[WhiteElo "2747"]
[BlackElo "2712"]
[PlyCount "65"]
[EventDate "2023.01.28"]
[EventType "blitz"]

1. Nf3 d5 2. b3 Bf5 3. Bb2 e6 4. e3 h6 5. Be2 Nf6 6. d3 a5 ({RR} 6... c5 7. O-O Nc6 8. Nbd2 Be7 9. c4 O-O 10. a3 Rc8 11. Qc2 dxc4 12. bxc4 a6 13. h3 b5 14. e4 Bh7 15. Rab1 Nd4 16. Nxd4 cxd4 17. Qb3 bxc4 18. Nxc4 Rb8 19. Qa2 Nd7 20. Bxd4 Nc5 21. Rxb8 {D'Arruda,R (2271)-Ruiz Aguilar,P (2162) chess.com INT 2024 1-0 (96)}) 7. a3 Be7 ({RR} 7... Bh7 8. h3 a4 9. b4 c5 10. bxc5 Bxc5 11. O-O O-O 12. c4 dxc4 13. d4 Bd6 14. Bxc4 Ne4 15. d5 exd5 16. Bxd5 Nc6 17. Nc3 Nf6 18. Ba2 Ne5 19. Nxe5 Bxe5 20. Nxa4 Qe7 21. Bxe5 Qxe5 22. Nb6 {Van Foreest,J (2688)-Giri,A (2776) Zagreb 2021 ½-½ (56)}) 8. Nbd2 Bh7 $146 ({RR} 8... O-O 9. h3 Bh7 10. Ne5 Nfd7 11. Nxd7 Nxd7 12. Bf3 c6 13. O-O b5 14. Qe2 Qb6 15. e4 Bc5 16. Rab1 Rfc8 17. Kh1 Bd4 18. c3 Bf6 19. Rbd1 b4 20. Rc1 Rab8 21. Rc2 bxc3 22. Bxc3 Qa6 23. Bxf6 {Stoessel,H (1970)-Reis,G (2215) Bayern 1999 ½-½ (79)}) 9. Rg1 Nbd7 10. h4 h5 11. Ng5 Bg6 12. f4 Bc5 13. Nf1 Qe7 14. Qd2 Rg8 15. Ng3 Ng4 16. d4 Bd6 17. c4 c6 18. Bf3 f6 19. Nh3 Rh8 20. Qe2 Bf5 21. cxd5 cxd5 22. Bxd5 Nxe3 23. Qxe3 Bxh3 24. Bxb7 Rb8 25. gxh3 Rxb7 26. Ne4 Kf8 27. Rc1 Nb6 28. Qf3 Rc7 29. Kf2 Nd5 30. Rxc7 Bxc7 31. Nc5 Bxf4 32. Re1 Be5 33. Rxe5 1-0

[Event "ch-GEO Rapid 2023"]
[Site "Tbilisi GEO"]
[Date "2023.01.27"]
[Round "5.3"]
[White "Pantsulaia, L."]
[Black "Kacharava, Nikolozi"]
[Result "1-0"]
[WhiteElo "2597"]
[BlackElo "2538"]
[PlyCount "49"]
[EventDate "2023.01.26"]
[EventType "rapid"]

1. Nf3 d5 2. c4 c6 3. g3 Nf6 4. Bg2 Nbd7 5. cxd5 cxd5 6. d4 e6 7. O-O Bd6 ({RR} 7... b5 8. Bf4 Be7 9. Nbd2 Nh5 10. Be3 O-O 11. Ne5 Bb7 12. Qb3 a5 13. Rfc1 b4 14. Nc6 Bxc6 15. Rxc6 a4 16. Qd3 Nb8 17. Rc2 Na6 18. b3 Qd7 19. Rac1 axb3 20. axb3 Nf6 21. Nf3 Qb7 22. Ne5 {Malakhov,V (2706)-Morozevich,A (2711) Jurmala 2015 1-0 (60)}) ({RR} 7... Be7 8. Nc3 a6 9. Bf4 b5 10. Rc1 Bb7 11. a4 b4 12. Na2 Rc8 13. Qb3 a5 14. Rxc8 Qxc8 15. Rc1 Qa8 16. Qd3 Ba6 17. Qd1 O-O 18. Ne5 Nxe5 19. Bxe5 Rc8 20. Bxf6 Bxf6 21. e3 Bc4 22. b3 {Wohlfahrt,H (2328)-Khalakhan,J (2174) Innsbruck AUT 2024 1-0 (40)}) 8. Nc3 a6 9. Bf4 Nb6 $146 ({RR} 9... Bxf4 10. gxf4 O-O 11. e3 Ne8 12. Qc2 Nd6 13. Rac1 Nf6 14. Ne5 Bd7 15. Qb3 Qa5 16. Rc2 Rfc8 17. Rfc1 Be8 18. Nd3 Rc7 19. a4 Rac8 20. Qa2 Rc6 21. b4 Qc7 22. Nc5 b6 23. Nxa6 Qa7 24. b5 {Pavlovic,M (2480)-Nikolic,B (2285) Kladovo 1991 ½-½ (54)}) 10. Bxd6 Qxd6 11. Ne5 Bd7 12. Qb3 Rc8 13. e4 dxe4 14. Nxe4 Nxe4 15. Bxe4 Qxd4 16. Nxd7 Nxd7 17. Qxb7 Rb8 18. Qc6 Qb6 19. Rfd1 Qa7 20. Qd6 Rxb2 21. Kh1 Kd8 22. Bc6 Rb7 23. Rab1 Rxb1 24. Rxb1 Qc7 25. Rb8+ 1-0

[Event "Titled Tue 24th Jan Late"]
[Site "chess.com INT"]
[Date "2023.01.24"]
[Round "2"]
[White "Yu Yangyi"]
[Black "Tristan, L."]
[Result "1-0"]
[WhiteElo "2729"]
[BlackElo "2544"]
[PlyCount "85"]
[EventDate "2023.01.24"]

1. Nf3 d5 2. g3 Nf6 3. Bg2 Bf5 4. O-O e6 5. d3 Be7 6. Nh4 Bg4 7. h3 Bh5 8. f4 ({RR} 8. Qe1 Nfd7 9. Nf3 Nc6 10. e4 Bxf3 11. Bxf3 Nd4 12. Bd1 O-O 13. c3 Nc6 14. d4 dxe4 15. Qxe4 e5 16. dxe5 Ndxe5 17. Be3 Kh8 18. f4 f5 19. Qc2 Nc4 20. Bf2 Qd5 21. b3 Nd6 22. Nd2 Ne4 {Sooraj,M (2154)-Asensio Ramos,E (2227) chess.com INT 2025 1-0 (48)}) ({RR} 8. g4 Nfd7 9. Nf3 Bg6 10. Nbd2 O-O 11. e4 c6 12. Qe2 h6 13. b3 a5 14. a4 Na6 15. Bb2 Nb4 16. Rac1 Qb6 17. Ne5 Nxe5 18. Bxe5 Rfd8 19. Kh1 Qc5 20. Bb2 Na2 21. Ra1 Qxc2 22. Rxa2 Bb4 {D'Arruda,R (2271)-Tristan,L (2545) chess.com INT 2023 0-1}) 8... Nfd7 9. Nf3 Bg6 10. Nbd2 ({RR} 10. Qe1 f5 11. Nc3 c5 12. e4 fxe4 13. dxe4 d4 14. f5 Bf7 15. fxe6 Bxe6 16. Nd5 O-O 17. Bf4 Nc6 18. Nc7 Bc4 19. Nxa8 Bxf1 20. Bxf1 Qxa8 21. e5 Nb6 22. Qe4 Qd8 23. c4 Qe8 24. Kg2 Qg6 {Dubov,D (2614)-Naiditsch,A (2705) Dubai 2014 1-0 (46)}) 10... O-O $146 ({RR} 10... Bc5+ 11. Kh2 Be3 12. Nh4 f5 13. Ndf3 Bc5 14. Ng5 Qf6 15. e4 c6 16. exd5 exd5 17. Re1+ Be7 18. Re6 Qf8 19. Rxg6 hxg6 20. Nxg6 Qg8 21. Qe2 {1-0 (21) Fiorito,F (2416)-Lorenzo Ventura,A (1812) Santa Cruz de La Palma ESP 2024}) 11. e4 dxe4 12. dxe4 Nc5 13. Qe2 Nc6 14. g4 f5 15. gxf5 exf5 16. e5 Kh8 17. Kh2 Bh5 18. Qc4 Bf7 19. Qe2 Bd5 20. Nb3 Nxb3 21. axb3 Qe8 22. Be3 a6 23. Rad1 Be4 24. Nd4 Nxd4 25. Bxd4 Bxg2 26. Qxg2 c5 27. Bc3 b5 28. Rg1 g6 29. e6+ Bf6 30. Rge1 Kg8 31. e7 Bxe7 32. Qb7 Rf7 33. Rd7 Rb8 34. Rexe7 Rxe7 35. Rxe7 Rxb7 36. Rxe8+ Kf7 37. Rc8 Re7 38. Be5 Rd7 39. Rxc5 Ke6 40. Kg3 Rd2 41. Rc6+ Kd5 42. Rd6+ Ke4 43. Rxd2 1-0

[Event "Titled Tue 24th Jan Late"]
[Site "chess.com INT"]
[Date "2023.01.24"]
[Round "4"]
[White "Yu Yangyi"]
[Black "Steinberg, N."]
[Result "1-0"]
[WhiteElo "2729"]
[BlackElo "2537"]
[PlyCount "37"]
[EventDate "2023.01.24"]

1. Nf3 {Marin,Mihail} d5 2. g3 Nf6 3. Bg2 c6 4. O-O Bf5 5. d3 h6 6. c4 e6 7. Qb3 Qc8 ({RR} 7... Qb6 8. Nd4 ({RR} 8. Be3 Qxb3 9. axb3) ({RR} 8. cxd5 Qxb3 9. axb3 exd5 10. Nd4 Bd7 11. Nc3 Na6) 8... Bh7 9. cxd5 exd5 ({RR} 9... Qxb3 10. dxc6) 10. Qxb6 ({RR} 10. Nc3 Qxb3 11. Nxb3 ({RR} 11. axb3 Nbd7 12. Nc2 a6 13. b4 Rc8 14. Be3) 11... Nbd7 12. e4) 10... axb6 11. Nc3 b5 ({RR} 11... Bd6) 12. Bd2 b4 13. Nd1 Bc5 14. Nc2 Na6 15. Rb1 O-O 16. a3 Rfe8 17. Bf3 bxa3 18. bxa3 Ra7 19. Nc3 Nc7 20. Rb2 Ne6 21. Rfb1 Re7 22. Bg2 {Harikrishna,P (2698)-Anand,V (2772) Wijk aan Zee 2013 CBM 153 [Marin,Mihail] ½-½ (41)}) 8. cxd5 ({RR} 8. Nc3 Nbd7 9. cxd5 exd5 10. Be3 Bd6 11. Rac1 Qb8 12. Bd4 O-O 13. Nh4 Bh7 14. e4 dxe4 15. dxe4 Re8 16. Rfe1 a6 17. Qd1 Bc5 18. Na4 Bxd4 19. Qxd4 Qc7 20. Nf5 Bxf5 21. exf5 Qa5 22. Nc3 Qxf5 {Petrossian,A (2344)-Figier,A (2000) Allauch FRA 2024 ½-½ (48)}) 8... exd5 9. e4 Be6 $146 ({RR} 9... dxe4 10. dxe4 Be6 11. Qc2 Be7 12. Nd4 Bh3 13. e5 Nd5 14. e6 Bxe6 15. Re1 Bd7 16. Nc3 Nxc3 17. bxc3 Kf8 18. Rb1 Bf6 19. Qb3 b6 20. a4 g6 21. a5 bxa5 22. Qa3+ Kg7 23. Qd6 Qf8 24. Qc7 {Cherepkov,A-Zhukhovitsky,S Leningrad 1957 0-1 (40)}) 10. Nd4 Be7 11. Nxe6 fxe6 12. Bh3 Na6 13. exd5 cxd5 14. Re1 Nc5 15. Qd1 g5 16. Nc3 h5 17. Bxg5 Qc6 18. Rc1 d4 19. Bxf6 1-0

[Event "Titled Tue 24th Jan Late"]
[Site "chess.com INT"]
[Date "2023.01.24"]
[Round "4"]
[White "Deac, Bogdan-Daniel"]
[Black "Zhigalko, S."]
[Result "1-0"]
[WhiteElo "2700"]
[BlackElo "2572"]
[PlyCount "155"]
[EventDate "2023.01.24"]

1. Nf3 d5 2. e3 Nf6 3. c4 e6 4. Nc3 b6 5. cxd5 exd5 6. g3 Bd6 7. Bg2 O-O 8. O-O Re8 9. b3 Bb7 10. Bb2 Nbd7 11. Rc1 a6 12. d4 ({RR} 12. Ne2 Rc8 13. Nfd4 c5 14. Nf5 Bf8 15. d4 g6 16. Nh4 Bg7 17. dxc5 bxc5 18. Nf3 a5 19. Nf4 Nb6 20. Qd3 c4 21. Qb1 Ba6 22. Rfd1 cxb3 23. axb3 Rxc1 24. Qxc1 Bb7 25. Qa1 Nbd7 26. Bd4 Qa8 {Artemiev,V (2716)-Sjugirov,S (2675) Cheliabinsk 2020 1-0}) 12... Qe7 ({RR} 12... c5 13. dxc5 bxc5 14. Re1 Rc8 15. Re2 Nb6 16. Rd2 Qe7 17. a4 a5 18. Nb5 Bb8 19. Rdc2 Ne4 20. Nd2 Red8 21. Nxe4 dxe4 22. Qe1 Nd5 23. Ba3 Nb4 24. Bxb4 cxb4 25. Rxc8 Bxc8 26. Nd4 Bb7 27. Nc6 {Deac,B (2696)-Keller,P (2308) chess.com INT 2025 1-0 (62)}) 13. Ne2 ({RR} 13. Rc2 Rad8 14. Qa1 Nf8 15. Ne2 Ne6 16. Nf4 Ne4 17. Qd1 Qf8 18. Ne5 c5 19. Ned3 Nc7 20. Qc1 g5 21. dxc5 bxc5 22. Nh5 Qh6 23. g4 d4 24. exd4 Nd5 25. Nxc5 Bc8 26. Nxe4 Bxg4 27. Qxg5+ Qxg5 {Bilovil,B (2465)-Kanyamarala,T (2396) Upplands Vasby SWE 2025 1-0 (31)}) 13... Ne4 14. Nf4 Rad8 $146 ({RR} 14... a5 15. Qc2 Rac8 16. Rfd1 c5 17. dxc5 Bxc5 18. Nxd5 Qf8 19. Nc3 Nxf2 20. Rxd7 Bxe3 21. Rxb7 Ng4+ 22. Kh1 Bxc1 23. Bxc1 Qc5 24. h3 Nf2+ 25. Kh2 Ne4 26. Bb2 Nxc3 27. Bxc3 Qxc3 28. Qf5 Rc7 29. Rxc7 {Galyas,M (2467)-Froewis,G (2461) Austria AUT 2024 1-0 (48)}) 15. Qc2 c5 16. Rfd1 Ndf6 17. dxc5 bxc5 18. Bxf6 Nxf6 19. Nd3 Ne4 20. Nd2 Nxd2 21. Rxd2 d4 22. exd4 Bxg2 23. Kxg2 cxd4 24. Qc6 Bb4 25. Nxb4 Qxb4 26. Rd3 Re6 27. Rc4 Qb8 28. Qf3 Red6 29. Qe4 Qb6 30. h4 h6 31. b4 Rd5 32. a3 R5d6 33. Rc5 R6d7 34. Re5 g6 35. h5 gxh5 36. Rxh5 Kg7 37. Re5 Rd6 38. Qg4+ Rg6 39. Qe4 Rgd6 40. Qf3 Rf6 41. Qg4+ Rg6 42. Qe4 Qd6 43. Rf5 Qe6 44. Qf4 Qd6 45. Qf3 Qe6 46. Rf4 Rf6 47. Qg4+ Qxg4 48. Rxg4+ Rg6 49. Rgxd4 Rc8 50. Rf4 Rc7 51. Rd5 Rg5 52. Rxg5+ hxg5 53. Rf5 Kg6 54. g4 Rc3 55. Ra5 Rc6 56. Kg3 f6 57. f3 Kf7 58. Kf2 Ke6 59. Ke3 Rd6 60. Ke4 Kf7 61. Rd5 Rc6 62. Kd4 Ke6 63. Rc5 Rd6+ 64. Kc4 Rd1 65. Rf5 Ra1 66. Kb3 Rb1+ 67. Kc4 Rc1+ 68. Kb3 Rb1+ 69. Kc3 Rc1+ 70. Kb2 Rf1 71. a4 Rd1 72. Kc3 Ra1 73. Kb3 Rb1+ 74. Kc4 Rc1+ 75. Kd4 Ra1 76. a5 Rc1 77. b5 axb5 78. Rxb5 1-0

[Event "Titled Tue 24th Jan Late"]
[Site "chess.com INT"]
[Date "2023.01.24"]
[Round "5"]
[White "Svane, R."]
[Black "Tan Zhongyi"]
[Result "1-0"]
[WhiteElo "2620"]
[BlackElo "2530"]
[PlyCount "63"]
[EventDate "2023.01.24"]

1. Nf3 d5 2. g3 c5 3. Bg2 Nc6 4. d4 cxd4 5. Nxd4 e5 6. Nxc6 bxc6 7. O-O Nf6 8. c4 Be6 9. Qa4 Qd7 10. Nc3 Rc8 11. cxd5 cxd5 12. Qxd7+ Kxd7 13. Rd1 Bc5 14. Na4 Bd6 ({RR} 14... Rhd8 15. Bd2 Bb6 16. Nxb6+ axb6 17. Bc3 d4 18. e3 Nd5 19. exd4 Nxc3 20. bxc3 Rxc3 21. dxe5+ Ke7 22. Rdb1 g5 23. Rxb6 Ra3 24. Be4 h5 25. Bc2 Rda8 26. Rb2 R8a5 27. Rab1 Rxa2 28. Rxa2 Rxa2 29. Bb3 {Artemiev,V (2711)-Aronian,L (2725) chess.com INT 2024 1-0 (90)}) ({RR} 14... Be7 15. Bg5 Ng8 16. Bxe7 Nxe7 17. Nc3 Rc5 18. Rd2 Rd8 19. Rad1 Ke8 20. h3 Rd7 21. e3 f6 22. a3 Kd8 23. Rd3 e4 24. R3d2 f5 25. Ne2 Nc6 26. b4 Rb5 27. Nf4 Ke7 28. Bf1 Rbb7 29. Nxd5+ {Trost,E (2462)-Jakenberg,J (2015) Vaxjo SWE 2025 1-0 (41)}) ({RR} 14... Ke7 15. Bg5 d4 16. f4 h6 17. fxe5 hxg5 18. exf6+ gxf6 19. Nxc5 Rxc5 20. Rxd4 Rc2 21. Ra4 Rd8 22. Rxa7+ Kf8 23. Ra8 Rxa8 24. Bxa8 Rxb2 25. a4 Bc4 26. a5 Ba6 27. Bf3 f5 28. h3 Kg7 29. Kf2 {Svane,R (2629)-Csonka,B (2473) chess.com INT 2024 1-0 (44)}) 15. Bg5 Rc4 16. b3 Rd4 $146 ({RR} 16... Rc2 17. Bxf6 gxf6 18. Bxd5 f5 19. e4 Rhc8 20. Bxe6+ fxe6 21. exf5 exf5 22. Rd5 R8c6 23. Rad1 Ke6 24. R1d2 Bb4 25. Rxc2 Rxc2 26. Rb5 a5 27. a3 Bxa3 28. Rxa5 Bd6 29. Ra7 Kd5 30. Rxh7 Ke4 31. Kg2 {Percivaldi,M (2412)-Harshad,S (2202) Stockholm SWE 2023 1-0 (70)}) 17. Rxd4 exd4 18. Rd1 Rc8 19. Rxd4 Be5 20. Rd1 Rc2 21. Bxf6 Bxf6 22. Bxd5 Bxd5 23. Rxd5+ Ke6 24. e4 Rxa2 25. Nc5+ Ke7 26. e5 Bg5 27. f4 Bh6 28. Rd7+ Ke8 29. Rb7 g6 30. Ne4 Bf8 31. Nf6+ Kd8 32. Rb8+ 1-0